Bionicle, Vol. 1: (Record no. 4321)
[ view plain ]
| 000 -LEADER | |
|---|---|
| fixed length control field | 01782nam a22002657a 4500 |
| 001 - CONTROL NUMBER | |
| control field | 4321 |
| 003 - CONTROL NUMBER IDENTIFIER | |
| control field | FISKH |
| 005 - DATE AND TIME OF LATEST TRANSACTION | |
| control field | 20251204161435.0 |
| 008 - FIXED-LENGTH DATA ELEMENTS--GENERAL INFORMATION | |
| fixed length control field | 240718b cb ||||| |||| 00| 0 eng d |
| 020 ## - INTERNATIONAL STANDARD BOOK NUMBER | |
| International Standard Book Number | 9781597071093 |
| 040 ## - CATALOGING SOURCE | |
| Original cataloging agency | FISKH |
| Language of cataloging | eng |
| Transcribing agency | FISKH |
| Modifying agency | FISKH |
| 050 ## - LIBRARY OF CONGRESS CALL NUMBER | |
| Classification number | PN6728.B533 |
| 082 ## - DEWEY DECIMAL CLASSIFICATION NUMBER | |
| Classification number | 741.5 |
| 100 ## - MAIN ENTRY--PERSONAL NAME | |
| Personal name | Farshtey, Greg |
| 245 ## - TITLE STATEMENT | |
| Title | Bionicle, Vol. 1: |
| Remainder of title | Rise of the Toa Nuva / |
| Statement of responsibility, etc. | Writer ; Gre Farshtey ; Artist : Carlos D'anda, Randy Elliott |
| 250 ## - EDITION STATEMENT | |
| Edition statement | This edition published in 2008 |
| 260 ## - PUBLICATION, DISTRIBUTION, ETC. | |
| Place of publication, distribution, etc. | New York : |
| Name of publisher, distributor, etc. | Papercutz, |
| Date of publication, distribution, etc. | 2000 |
| 300 ## - PHYSICAL DESCRIPTION | |
| Extent | 106 unnumbered pages : |
| Other physical details | color illustrations ; |
| Dimensions | 20 cm |
| 520 ## - SUMMARY, ETC. | |
| Summary, etc. | Six mighty heroes--the Toa--arrive on a tropical island to find a land under siege. The Great Spirit Mata Nui has been cast into an unending sleep by the evil Makuta. Now Makuta is attacking the island's Matoran villagers with vicious Rahi beasts. The Toa must combine their skills and elemental and mask powers to defeat Makuta and restore peace to the island. In the second story, The Toa return to the island named for Mata Nui to find it is being overrun by mechanical insects called Bohrok. These Bohrok have been unleashed by Makuta and are rapidly destroying trees, mountains, rivers, villages and anything else in their path. After a long, difficult battle, the Toa are able to defeat the queens of the swarms and end the Bohrok threat...for now. During the fight, the heroes are transformed into Toa Nuva, with new armor, new weapons, and new Masks of Power. |
| 650 ## - SUBJECT ADDED ENTRY--TOPICAL TERM | |
| Topical term or geographic name entry element | Graphic Novels |
| Form subdivision | Science Fiction |
| General subdivision | Comic Book |
| 700 ## - ADDED ENTRY--PERSONAL NAME | |
| Personal name | D'anda, Carlos |
| Relator term | illustrator |
| 700 ## - ADDED ENTRY--PERSONAL NAME | |
| Personal name | Elliott, Randy |
| Relator term | illustrator |
| 942 ## - ADDED ENTRY ELEMENTS (KOHA) | |
| Source of classification or shelving scheme | Dewey Decimal Classification |
| Koha item type | Books |
| Suppress in OPAC | No |
| Withdrawn status | Lost status | Source of classification or shelving scheme | Damaged status | Not for loan | Collection | Home library | Current library | Shelving location | Date acquired | Total Checkouts | Full call number | Barcode | Date last seen | Copy number | Price effective from | Koha item type |
|---|---|---|---|---|---|---|---|---|---|---|---|---|---|---|---|---|
| Dewey Decimal Classification | Fiction | Footprints International School Library Network Toul Kork Campus | Footprints International School Library Network Toul Kork Campus | A TK Campus, Comic Books (All Reading Levels), B401 Bookcase 1/2, Shelf 3 | 07/18/2024 | FAR 741.5 PN6728.B533 | FISTK01015 | 07/18/2024 | 1 | 07/18/2024 | Books | |||||
| Dewey Decimal Classification | Fiction | Footprints International School Library Network Toul Tom Poung Campus | Footprints International School Library Network Toul Tom Poung Campus | TTP Comic Books all Levels | 12/04/2025 | FAR 741.5 PN6728.B533 | FIS03169 | 12/04/2025 | 2 | 12/04/2025 | Books |
